01726nas a2200241Ia 4500001001100000003001000011008004100021040002500062041001300087100003600100210003500136222003500171245007300206250001100279260005100290300001100341310001600352362003500368500047200403501011400875520047200989650002301461R248-R3417IT-CnALBA170116c99999999xx |||||||||||| ||und|| aIT-CnALBAcIT-CnALBA aITALIANO aCATERINA DA SIENA, SANTA, DOTT. aRASSEGNA DI ASCETICA E MISTICA aRASSEGNA DI ASCETICA E MISTICA 0aRASSEGNA DI ASCETICA E MISTICA. N. I. ANNO XXI. GENNAIO MARZO 1970.  a1a ed. a FIRENZEbSALANI ADRIANO, CASA EDITRICE c1970 a96 p.  aTRIMESTRALE aFascicolo: 1 / Anno: 21 (1970) aBORGHINI B. COLOSIO I. PULCETTI A. SORGIA R. EPISCOPO S. D'URSO G. RITORNO ALLE ORIGINI. SPIRITUALITÀ MATRIMONIALE. NEWMAN E IL CELIBATO SACERDOTALE. TEOLOGIA GERMANICA NELLA CULTURA ITALIANA. PERFEZIONE DELLA CARITÀNEL DI ALOGO DELLA DIVINA PROVVIDENZA. SPIRITUALITÀ DEI LAICI. ARCHIVI DI VITA CRISTIANA. AGGIONAMENTO DELLA VIA CRUCIS. TESTIMONIANZE E IL MATRIMONIO CATTOLICO. S. CATERINA DOTTORE. NOTE STONATE. RELIGIOSI NEL CUORE DELLA CHIESA. BIBLIOGRAFIA.  aSocietà San Paolo EM - Piazza San Paolo, 14 - 12051 ALBA (CN) (non commercial uses only) ® Copyright 2017 aBORGHINI B. COLOSIO I. PULCETTI A. SORGIA R. EPISCOPO S. D'URSO G. RITORNO ALLE ORIGINI. SPIRITUALITÀ MATRIMONIALE. NEWMAN E IL CELIBATO SACERDOTALE. TEOLOGIA GERMANICA NELLA CULTURA ITALIANA. PERFEZIONE DELLA CARITÀNEL DI ALOGO DELLA DIVINA PROVVIDENZA. SPIRITUALITÀ DEI LAICI. ARCHIVI DI VITA CRISTIANA. AGGIONAMENTO DELLA VIA CRUCIS. TESTIMONIANZE E IL MATRIMONIO CATTOLICO. S. CATERINA DOTTORE. NOTE STONATE. RELIGIOSI NEL CUORE DELLA CHIESA. BIBLIOGRAFIA.  aASCETICA E MISTICA